Dionysius I : (Record no. 7296)

MARC details
000 -LEADER
campo de control de longitud fija 00660nam a2200205 i 4500
001 - NÚMERO DE CONTROL
campo de control 7296
003 - IDENTIFICADOR DE NÚMERO DE CONTROL
campo de control ES-MaACL
005 - FECHA Y HORA DE LA ÚLTIMA TRANSACCIÓN
campo de control 20230906145214.0
008 - DATOS DE LONGITUD FIJA--INFORMACIÓN GENERAL
campo de control de longitud fija 901119s1990 xxk ||||1| eng d
020 ## - NÚMERO INTERNACIONAL ESTÁNDAR DEL LIBRO
Número Internacional Estándar del Libro 0-300-04507-7
080 ## - NÚMERO DE LA CLASIFICACIÓN DECIMAL UNIVERSAL
Número de la Clasificación Decimal Universal 929 Dionisio(38)I
100 1# - ENTRADA PRINCIPAL--NOMBRE DE PERSONA
Nombre de persona Caven, Brian.
9 (RLIN) 37179
245 10 - MENCIÓN DEL TÍTULO
Título Dionysius I :
Resto del título war-lord of Sicily /
Mención de responsabilidad, etc. Brian Caven.
260 ## - PUBLICACIÓN, DISTRIBUCIÓN, ETC.
Lugar de publicación, distribución, etc. New Haven and London :
Nombre del editor, distribuidor, etc. Yale University Press,
Fecha de publicación, distribución, etc. 1990.
300 ## - DESCRIPCIÓN FÍSICA
Extensión XII, 272 p. ;
Dimensiones 24 cm.
504 ## - NOTA DE BIBLIOGRAFÍA, ETC.
Nota de bibliografía, etc. Bibliografía: p. 254-264.
600 14 - PUNTO DE ACCESO ADICIONAL DE MATERIA--NOMBRE DE PERSONA
Nombre de persona Dionisio
Numeración I
Títulos y otros términos asociados al nombre Tirano de Siracusa.
9 (RLIN) 44856
651 #4 - PUNTO DE ACCESO ADICIONAL DE MATERIA--NOMBRE GEOGRÁFICO
Nombre geográfico Sicilia-
Subdivisión general Historia-
Subdivisión cronológica Hasta 827.
9 (RLIN) 156616
852 ## - LOCALIZACIÓN
Ubicación ES-MaACL
Número de control de estantería L-14455
Nota libre - Enc. tela
Holdings
Estatus retirado Estado de pérdida Estado de daño No para préstamo Biblioteca de origen Biblioteca actual Ubicación en estantería Fecha de adquisición Fuente de adquisición Total de préstamos Signatura topográfica completa Código de barras Visto por última vez Precio de reemplazo Tipo de ítem Koha
        Biblioteca del Ateneo de Madrid Biblioteca del Ateneo de Madrid Depósito 2 17/01/2008     L-14455 1007442 23/02/2023 23/02/2023 Libro impreso